| 000 | 00805nam a2200253Ia 4500 | ||
|---|---|---|---|
| 003 | OSt | ||
| 005 | 20221005101315.0 | ||
| 006 | a|||||r|||| 00| 0 | ||
| 007 | ta | ||
| 008 | 221004b |||||||| |||| 00| 0 per d | ||
| 020 |
_a9786005100259 (hbk) _c200 |
||
| 024 | _a20664 | ||
| 037 |
_b43618, 19/03/2015, Segment Book Distributors _cTextual |
||
| 040 |
_aCRL _cCRL _bper |
||
| 041 |
_2per _aper |
||
| 082 | _aO164,3N66x, Q0 | ||
| 100 |
_aDarkhushani Mujeed Au. _9622036 |
||
| 245 | 0 | _aMasal-e-madar-e-buzurg masal-e-shahar | |
| 260 |
_aTehran _bTusa-e-Kitab Iran Iran _c2010 |
||
| 300 |
_a292p. _ccm. |
||
| 650 | _aPERSIAN FICTION | ||
| 942 |
_hO164,3N66x, Q0 _cTEXL _2cc |
||
| 999 |
_c1006585 _d1006585 |
||